1012 1291 1427 1340 1045 1992 1134 1262 1841 1326 1267 1140 1757 1454 1228 1552 1690 1236 1208 1610 1586 1964 1249 1630 1494 1882 1717 1003 1727 1468 1831 1195 1863 1637 1007 1325 1848 1314 1515 1186 1902 1770 1090 1090 1231 1772 1579 1582 1399 1513 1465 1001 1126 1410 1260 1651 1664 1779 1194 1571 1428 1487 1310 1449 1288 1115 1799 1065 1432 1568 1071 1855 1640 1489 1503 1259 1402 1939 1816 1421 1348 1857 1654 1073 1398 1779 1860 1204 1267 1333 1754 1701 1338 1869 1026 1256 1827 1522 1034 BCNSPRNW ULIB Ver.6.0+V

เปลี่ยนเป็นภาษาไทย

Change to English
 แสดงรายละเอียดบรรณานุกรม
  กลับหน้าหลัก

Brief Record : Get Marc (ISO 2709) : E-mail record : QR code < ปิดหน้าต่าง
LEADER : 00000nam 2200000uu 4500
001    13399113124
003     ULIB
008    110923s||||||||th 000 0 tha d
020    9749757300(ล.2)
050 04 QA37.2^bม246ค ล.2 2550
110 1  มหาวิทยาลัยสุโขทัยธรรมาธิราช.^bสาขาวิชาวิทยาการจัดการ
245 10 เอกสารการสอนชุดวิชา คณิตศาสตร์และสถิติ หน่วยที่ 7-15 =^bMathematics and statistics/^cมหาวิทยาลัยสุโขทัยธรรมาธิราช
246 31 Mathematics and statistics
250    พิมพ์ครั้งที่ 1
260    นนทบุรี :^bมหาวิทยาลัยสุโขทัยธรรมาธิราช,^c2550
300    2 เล่ม :^bภาพประกอบ ;^c30 ซม
500    ล.1: หน่วยที่ 1-6 -- ล.2: หน่วยที่ 7-15
650  7 คณิตศาสตร์
945    ^p0^l0^i022922
945    ^p0^l0^i022923
945    ^p0^l0^i022924
995    ทศพร
999 ^a ศิริพร
รายการนี้ยังไม่มีแท็ก
คุณยังไม่ได้ล็อกอิน คุณสามารถมีกิจกรรมร่วมกับเว็บไซต์ได้ แต่ต้องล็อกอินก่อน ::
  ล็อกอิน

รายการสื่อสารสนเทศ

ลำดับที่ ประเภท เลขเรียก/บาร์โค้ด สถานที่ สถานะ
- ไม่พบข้อมูล -

รายการใกล้เคียง
    หัวเรื่อง [คณิตศาสตร์]

BibComment


ยังไม่เคยถูกคอมเมนท์

คอมเมนท์ทรัพยากรรายการนี้
  คอมเมนท์: เอกสารการสอนชุดวิ..


 Copyright 2026. Bcnsprnw @Library